Technology-supported learning : critical analysis and future perspectives /

La introducción de los computadores en las escuelas a comienzos de los años 1980, fue acompañada por altas expectativas en relación a la Nueva Tecnología de la Información (NTI) para mejorar la educación. Sin embargo, en este momento, ha quedado en claro que esas expectativas no se han cumplido, no...

Descripción completa

Detalles Bibliográficos
Autor principal: de Corte, Erick
Formato: Analitica de revista
Lenguaje:español
Publicado: Santiago, Chile Pontificia Universidad Católica de Chile 1994

MARC

LEADER 00000cab a2200000 a 4500
001 036273
003 UAHC_CL
005 20170803123956.0
008 030922s1994 cl f 000 spa
040 |a UAHC_CL  |c UAHC_CL  |d UAHC_CL 
100 1 |a de Corte, Erick 
245 1 0 |a Technology-supported learning :  |b critical analysis and future perspectives /  |c Erik de Corte. 
260 |b Pontificia Universidad Católica de Chile  |c 1994  |a Santiago, Chile 
300 |a p. 125-150 
500 |a En: Pensamiento educativo, nû15, 1994. p. 125-150. ISSN 07171013. 
500 |a En: Pensamiento educativo, n°15, 1994. p. 125-150. ISSN 07171013. 
500 |a En: Pensamiento educativo, nç15, 1994. p. 125-150. ISSN 07171013. 
520 |a La introducción de los computadores en las escuelas a comienzos de los años 1980, fue acompañada por altas expectativas en relación a la Nueva Tecnología de la Información (NTI) para mejorar la educación. Sin embargo, en este momento, ha quedado en claro que esas expectativas no se han cumplido, no por la instruccion asistida por computador, ni por los sistemas tutoriales inteligentes. Se argumenta que esto se debe, en gran parte, a las condiciones educacionales inadecuadas de las aplicaciones del computador en las aulas, basadas en supuestos poco realistas sobre el potencial instruccional de las NTI y en una inadecuada concepción del aprendizaje como un proceso pasivo de absorción de información. Se describe una nueva concepción comprehensiva de la computación educacional productiva: los computadores debieran estar insertos en ambientes de aprendizaje colaborativos en forma de herramientas que hacen surgir y que apoyan procesos activos de adquisición de conocimientos de los estudiantes, así como construcción de significados y resolución de problemas. Se analizan dos ejemplos representativos de software educacional que están en consonancia con esta concepción. Finalmente, se presentan sugerencias para ulterior investigación y trabajos posteriores, así como recomendaciones para una política de apoyo. 
520 |a La introducción de los computadores en las escuelas a comienzos de los años 1980, fue acompañada por altas expectativas en relación a la Nueva Tecnología de la Información (NTI) para mejorar la educación. Sin embargo, en este momento, ha quedado en claro que esas expectativas no se han cumplido, no por la instruccion asistida por computador, ni por los sistemas tutoriales inteligentes. Se argumenta que esto se debe, en gran parte, a las condiciones educacionales inadecuadas de las aplicaciones del computador en las aulas, basadas en supuestos poco realistas sobre el potencial instruccional de las NTI y en una inadecuada concepción del aprendizaje como un proceso pasivo de absorción de información. Se describe una nueva concepción comprehensiva de la computación educacional productiva: los computadores debieran estar insertos en ambientes de aprendizaje colaborativos en forma de herramientas que hacen surgir y que apoyan procesos activos de adquisición de conocimientos de los estudiantes, así como construcción de significados y resolución de problemas. Se analizan dos ejemplos representativos de software educacional que están en consonancia con esta concepción. Finalmente, se presentan sugerencias para ulterior investigación y trabajos posteriores, así como recomendaciones para una política de apoyo. 
759 |a PP160 
773 0 |t Revista PRELAC  |w 041234 
900 |a PENSAMIENTO EDUCATIVO-15/94 
942 |c REVA 
952 |0 0  |1 0  |4 0  |6 PENSAMIENTO_EDUCATIVO15_94_000000000000000  |7 0  |8 General  |9 68994  |a BC  |b BC  |c General  |d 2017-08-03  |l 0  |o PENSAMIENTO EDUCATIVO-15/94  |p FICTICIO4762  |r 2019-01-08 00:00:00  |t 1  |w 2017-08-03  |y REVA 
999 |c 36273  |d 36273